| 000 | 00740cab a2200229 4500 | ||
|---|---|---|---|
| 001 | WB3507-54 | ||
| 008 | 090401t1999 xxu||||| |||| 00| 0 eng d | ||
| 035 | _a(Sirsi) u91467 | ||
| 041 | _aeng | ||
| 245 | _aLiving, working coutryside | ||
| 260 | _c1999 | ||
| 350 | _a0 | ||
| 490 |
_aDETR News Release _v(140) 17 February 1999 (2) |
||
| 520 | _aGovernment has published a discussion document on the future shape of rural England. Responses are invited by 30th April 1999. Copies of the document are available from DETR free literature 0870 122 6236 | ||
| 650 | _aAGENDA 2000 | ||
| 650 | _aRURAL AREAS | ||
| 650 | _aRURAL COMMUNITIES | ||
| 650 | _aRURAL POLICY | ||
| 690 | _aRURAL PRACTICE | ||
| 942 | _n0 | ||
| 948 | _c19/02/1999 | ||
| 999 |
_c58070 _d58070 |
||